000 01163cam a22003134a 4500
001 14650935
003 PILC
005 20150908102538.0
008 061130s2008 cauab b 001 0 eng
010 _a 2006939406
020 _a9780534466695
020 _a0534466699
040 _aDLC
_cDLC
_dDLC
050 0 0 _aQK 47
_b.B48 2008
082 0 0 _a580
100 1 _aBerg, Linda R.
245 1 0 _aIntroductory botany :
_bplants, people, and the environment /
_cLinda R. Berg.
250 _a2nd edition.
260 _aBelmont, CA :
_bThomson Brooks/Cole,
_c2008.
300 _axxvii, 622 pages :
_bcolor illustrationos ;
_c28 cm.
500 _aIncludes bibliographical references.
650 0 _aBotany.
856 4 1 _3Table of contents only
_uhttp://www.loc.gov/catdir/toc/fy0714/2006939406.html
856 4 2 _3Publisher description
_uhttp://www.loc.gov/catdir/enhancements/fy1104/2006939406-d.html
856 4 2 _3Contributor biographical information
_uhttp://www.loc.gov/catdir/enhancements/fy1312/2006939406-b.html
906 _a7
_bcbc
_corignew
_d2
_eepcn
_f20
_gy-gencatlg
942 _2lcc
_cBK
999 _c288647
_d288647